Derecho penal : obras completas. Tomo II /

Guardado en:
Autor Principal: Hirsch, Hans Joachim
Formato: Libro
Idioma:Spanish
Publicado: Santa Fe : Rubinzal Culzoni, 1999.
Edición:1a. ed.
Materias:
Etiquetas: Agregar Etiqueta
Sin Etiquetas, Sea el primero en etiquetar este registro!
LEADER 00778nam a22001695a 4500
001 DER.der001700
008 180615s1999####ag#||||||||||||||#||spa||
005 20250717160852.0
245 1 0 |a Derecho penal :  |b obras completas.  |n Tomo II /  |c Hans Joachim Hirsch. 
250 |a 1a. ed. 
260 |a Santa Fe :  |b Rubinzal Culzoni,  |c 1999. 
300 |a 364 p. 
500 |a Relación entre la teoría y la práctica en el Derecho Penal. Las nuevas formas y técnicas de criminalidad. Derecho Penal del Estado de Derecho. Delitos cualificados por el resultado. Causas de justificación y prohibición de la analogía. Interrupción del tratamiento y eutanasia. 
020 |a 9507272437 
100 1 |a Hirsch, Hans Joachim 
650 7 |a DERECHO PENAL 
859 |a DERECHO  |b BIB. DERECHO  |h 345  |i HIR  |p 003031  |3 Tomo II